Hunderassen erkennen: Spitze und Hunde vom Urtyp - Statistiken

Allgemein
  • Dieses Quiz wurde 31 mal gespielt
  • Das Durchschnittsergebnis liegt bei 11 aus 47
Antwortstatistiken
Bildquiz Antwort % Korrekt
Shiba
75%
Akita
63%
Chow Chow
63%
Samojede
63%
Wolfspitz
56%
Alaskan Malamute
50%
Amerikanischer Akita
50%
Eurasier
50%
Pharaonenhund
50%
Siberian Husky
50%
Basenji
44%
Finnen-Spitz
44%
Finnischer Lapphund
44%
Grönlandhund
44%
Japan-Spitz
44%
Xoloitzcuintle
44%
Deutsche Spitze
31%
Volpino Italiano
31%
Islandhund
25%
Thailand-Ridgeback
25%
Kanadischer Eskimohund
19%
Cirneco dell´Etna
6%
Hokkaido
6%
Ibiza-Podenco
6%
Jämthund
6%
Kai
6%
Kanaanhund
6%
Kanarischer Podenco
6%
Karelischer Bärenhund
6%
Kishu
6%
Koreanischer Jindo
6%
Norrbottenspitz
6%
Norwegischer Buhund
6%
Norwegischer Elchhund grau
6%
Norwegischer Elchhund schwarz
6%
Norwegischer Lundehund
6%
Ostsibirischer Laika
6%
Peruanischer Nackthund
6%
Portugiesischer Podengo
6%
Russisch-europäischer Laika
6%
Schwedischer Lapphund
6%
Shikoku
6%
Taiwan-Hund
6%
Westgotenspitz
6%
Westsibirischer Laika
6%
Finnischer Lapplandhirtenhund
0%
Thai Bangkaew Hund
0%
Keine übereinstimmenden Quizze gefunden
Verteilung der Resultate
Anzahl Personen mit jedem Resultat
Perzentil nach korrekt beantworteten Fragen
Ihre Resultats-Entwicklung
Sie haben dieses Quiz noch nicht gespielt